[Event "European Rapid Championship 2021"]
[Site "Katowice"]
[Date "2021.12.19"]
[Round "8.23"]
[White "Sotsky, Alexander"]
[Black "Walter, Szymon"]
[Result "0-1"]
[WhiteElo "2333"]
[BlackElo "2203"]
[Annotator "NA"]
[PlyCount "108"]
[EventDate "2021.12.18"]
[EventType "swiss"]
[EventCountry "POL"]
[SourceTitle "playchess.com"]
[Source "ChessBase"]
[SourceQuality "1"]
[TimeControl "900+10"]

1. d4 {[%emt 0:00:07]} Nf6 {[%emt 0:00:05]} 2. Bg5 {[%emt 0:00:01]} Ne4 {
[%emt 0:00:08]} 3. Bh4 {[%emt 0:00:03]} d5 {[%emt 0:00:18]} 4. f3 {[%emt 0:00:
02]} Nf6 {[%emt 0:00:02]} 5. c3 {[%emt 0:00:39]} g6 {[%emt 0:01:04]} 6. Nd2 {
[%emt 0:01:44]} Bg7 {[%emt 0:00:04]} 7. e3 {[%emt 0:00:03]} O-O {[%emt 0:00:06]
} 8. Bd3 {[%emt 0:00:00]} Nbd7 {[%emt 0:00:18]} 9. f4 {[%emt 0:00:02]} c5 {
[%emt 0:00:25]} 10. Ngf3 {[%emt 0:00:02]} b6 {[%emt 0:00:14]} 11. O-O {[%emt 0:
00:06]} Bb7 {[%emt 0:00:15]} 12. Ne5 {[%emt 0:00:16]} Ne4 {[%emt 0:00:11]} 13.
Nxe4 {[%emt 0:00:51]} dxe4 {[%emt 0:00:04]} 14. Bc4 {[%emt 0:00:03]} cxd4 {
[%emt 0:00:38]} 15. cxd4 {[%emt 0:00:21]} Nf6 {[%emt 0:00:11]} 16. f5 {[%emt 0:
02:31]} Bd5 {[%emt 0:00:07]} 17. fxg6 {[%emt 0:00:58]} hxg6 {[%emt 0:00:05]}
18. b3 {[%emt 0:01:25]} Qd6 {[%emt 0:00:28]} 19. Rc1 {[%emt 0:01:42]} Rac8 {
[%emt 0:00:25]} 20. Qe2 {[%emt 0:00:17]} Bxc4 {[%emt 0:03:34]} 21. Rxc4 {
[%emt 0:00:58]} Rxc4 {[%emt 0:00:43]} 22. Nxc4 {[%emt 0:01:03]} Qe6 {[%emt 0:
00:08]} 23. Bxf6 {[%emt 0:00:47]} Bxf6 {[%emt 0:00:35]} 24. Rd1 {[%emt 0:00:31]
} Rd8 {[%emt 0:00:07]} 25. Qf2 {[%emt 0:00:19]} Rd5 {[%emt 0:00:11]} 26. Qg3 {
[%emt 0:00:57]} Kg7 {[%emt 0:00:09]} 27. Nd2 {[%emt 0:00:11]} Rg5 {[%emt 0:00:
32]} 28. Qf4 {[%emt 0:00:10]} Rg4 {[%emt 0:00:04]} 29. Qb8 {[%emt 0:00:15]} Qf5
{[%emt 0:01:48]} 30. Re1 {[%emt 0:00:42]} Qa5 {[%emt 0:03:38]} 31. Re2 {
[%emt 0:01:04]} Qxa2 {[%emt 0:00:04]} 32. h3 {[%emt 0:00:33]} Rh4 {[%emt 0:00:
26]} 33. Kf2 {[%emt 0:00:12]} Rh5 {[%emt 0:00:31]} 34. Qb7 {[%emt 0:00:38]} Qa1
{[%emt 0:01:07]} 35. Qxe4 {[%emt 0:00:17]} Bh4+ {[%emt 0:00:20]} 36. g3 {
[%emt 0:00:07]} Bf6 {[%emt 0:00:35]} 37. h4 {[%emt 0:00:14]} Rf5+ {[%emt 0:00:
11]} 38. Kg2 {[%emt 0:00:10]} Qd1 {[%emt 0:00:13]} 39. Qg4 {[%emt 0:00:24]} Ra5
{[%emt 0:00:41]} 40. Ne4 {[%emt 0:00:26]} Ra1 {[%emt 0:00:30]} 41. Nf2 {
[%emt 0:00:01]} Qf1+ {[%emt 0:00:15]} 42. Kf3 {[%emt 0:00:01]} Ra5 {[%emt 0:00:
08]} 43. Ke4 {[%emt 0:00:21]} Qb1+ {[%emt 0:00:25]} 44. Kf3 {[%emt 0:00:02]}
Qf1 {[%emt 0:00:07]} 45. Ke4 {[%emt 0:00:00]} e5 {[%emt 0:00:11]} 46. Kd3 {
[%emt 0:00:17]} exd4 {[%emt 0:00:04]} 47. exd4 {[%emt 0:00:05]} Qb1+ {[%emt 0:
00:13]} 48. Kc3 {[%emt 0:00:09]} Rc5+ {[%emt 0:00:18]} 49. Kd2 {[%emt 0:00:05]}
Rc2+ {[%emt 0:00:08]} 50. Ke3 {[%emt 0:00:02]} Qxb3+ {[%emt 0:00:12]} 51. Nd3 {
[%emt 0:00:01]} Rc3 {[%emt 0:00:11]} 52. Qe4 {[%emt 0:00:05]} Rc4 {[%emt 0:00:
04]} 53. Qd5 {[%emt 0:00:22]} Qc3 {[%emt 0:00:09]} 54. Qb5 {[%emt 0:00:29]}
Bxd4+ {[%emt 0:00:09]} 0-1

[Event "European Rapid Championship 2021"]
[Site "Katowice"]
[Date "2021.12.19"]
[Round "8.23"]
[White "Kubicka, Anna"]
[Black "Andersen, Mads"]
[Result "0-1"]
[WhiteElo "2273"]
[BlackElo "2574"]
[Annotator "ChessBase"]
[PlyCount "70"]
[EventDate "2021.12.18"]
[EventType "swiss"]
[EventCountry "POL"]
[SourceTitle "playchess.com"]
[Source "ChessBase"]
[SourceQuality "1"]
[TimeControl "900+10"]

1. e4 {[%emt 0:00:07]} e5 {[%emt 0:00:02]} 2. Nf3 {[%emt 0:00:01]} Nc6 {
[%emt 0:00:01]} 3. Bb5 {[%emt 0:00:02]} Nge7 {[%emt 0:00:02]} 4. O-O {[%emt 0:
00:04]} g6 {[%emt 0:00:05]} 5. d4 {[%emt 0:00:11]} exd4 {[%emt 0:00:13]} 6.
Nxd4 {[%emt 0:00:05]} Bg7 {[%emt 0:00:07]} 7. Nxc6 {[%emt 0:00:30]} bxc6 {
[%emt 0:00:13]} 8. Bd3 {[%emt 0:00:20]} O-O {[%emt 0:00:10]} 9. c3 {[%emt 0:00:
33]} d6 {[%emt 0:01:50]} 10. Bg5 {[%emt 0:00:25]} Rb8 {[%emt 0:00:39]} 11. Qc2
{[%emt 0:00:14]} Be6 {[%emt 0:00:59]} 12. Nd2 {[%emt 0:00:12]} Qd7 {[%emt 0:00:
02]} 13. f4 {[%emt 0:01:53]} f5 {[%emt 0:01:51]} 14. Bxe7 {[%emt 0:00:40]} Qxe7
{[%emt 0:00:39]} 15. exf5 {[%emt 0:00:31]} Bxf5 {[%emt 0:01:56]} 16. Rae1 {
[%emt 0:01:43]} Qf7 {[%emt 0:01:41]} 17. Bxf5 {[%emt 0:04:07]} Qxf5 {[%emt 0:
00:03]} 18. Qxf5 {[%emt 0:00:22]} Rxf5 {[%emt 0:00:05]} 19. Nb3 {[%emt 0:00:22]
} c5 {[%emt 0:02:21]} 20. Re7 {[%emt 0:03:09]} Rf7 {[%emt 0:02:35]} 21. Rxf7 {
[%emt 0:00:31]} Kxf7 {[%emt 0:00:02]} 22. Rf2 {[%emt 0:00:16]} Ke6 {[%emt 0:00:
45]} 23. g4 {[%emt 0:00:28]} c4 {[%emt 0:00:36]} 24. f5+ {[%emt 0:00:05]} gxf5
{[%emt 0:00:17]} 25. gxf5+ {[%emt 0:00:02]} Kd5 {[%emt 0:00:25]} 26. Rd2+ {
[%emt 0:02:17]} Ke4 {[%emt 0:00:05]} 27. Nd4 {[%emt 0:00:03]} Ke3 {[%emt 0:01:
11]} 28. Re2+ {[%emt 0:00:19]} Kd3 {[%emt 0:00:03]} 29. Re7 {[%emt 0:00:14]}
Bxd4+ {[%emt 0:00:12]} 30. cxd4 {[%emt 0:00:01]} Rxb2 {[%emt 0:00:30]} 31. f6 {
[%emt 0:00:04]} Rb5 {[%emt 0:00:17]} 32. f7 {[%emt 0:00:16]} Rf5 {[%emt 0:00:
03]} 33. Rxc7 {[%emt 0:00:01]} c3 {[%emt 0:00:05]} 34. Kg2 {[%emt 0:00:12]} c2
{[%emt 0:00:03]} 35. Kg3 {[%emt 0:00:28]} Rxf7 {[%emt 0:00:09]} 0-1

[Event "European Rapid Championship 2021"]
[Site "Katowice"]
[Date "2021.12.19"]
[Round "8.24"]
[White "Danielyan, Vahe"]
[Black "Malicka, Maria"]
[Result "1-0"]
[WhiteElo "2198"]
[BlackElo "1947"]
[Annotator "NA"]
[PlyCount "95"]
[EventDate "2021.12.18"]
[EventType "swiss"]
[EventCountry "POL"]
[SourceTitle "playchess.com"]
[Source "ChessBase"]
[SourceQuality "1"]
[TimeControl "900+10"]

1. e4 {[%emt 0:00:03]} c6 {[%emt 0:00:01]} 2. Nc3 {[%emt 0:00:42]} d5 {[%emt 0:
00:02]} 3. Nf3 {[%emt 0:00:02]} Bg4 {[%emt 0:00:01]} 4. d4 {[%emt 0:00:02]} e6
{[%emt 0:00:44]} 5. Be2 {[%emt 0:00:15]} Nd7 {[%emt 0:00:22]} 6. O-O {[%emt 0:
00:05]} dxe4 {[%emt 0:00:08]} 7. Nxe4 {[%emt 0:00:15]} Ngf6 {[%emt 0:00:02]} 8.
Ng3 {[%emt 0:00:27]} Bd6 {[%emt 0:00:14]} 9. h3 {[%emt 0:00:01]} Bxf3 {[%emt 0:
00:08]} 10. Bxf3 {[%emt 0:00:02]} Qc7 {[%emt 0:00:17]} 11. c3 {[%emt 0:01:34]}
O-O {[%emt 0:00:59]} 12. Qb3 {[%emt 0:00:08]} Nb6 {[%emt 0:00:42]} 13. a4 {
[%emt 0:00:03]} a5 {[%emt 0:00:24]} 14. Bg5 {[%emt 0:00:12]} Be7 {[%emt 0:01:
30]} 15. Rfe1 {[%emt 0:00:08]} Nfd5 {[%emt 0:00:32]} 16. Bd2 {[%emt 0:00:14]}
Nd7 {[%emt 0:00:17]} 17. Nf5 {[%emt 0:00:57]} Bf6 {[%emt 0:00:31]} 18. Ne3 {
[%emt 0:00:04]} Nxe3 {[%emt 0:00:44]} 19. Bxe3 {[%emt 0:00:22]} Nb6 {[%emt 0:
00:24]} 20. g3 {[%emt 0:00:05]} Nd5 {[%emt 0:00:05]} 21. Bd2 {[%emt 0:00:01]}
Be7 {[%emt 0:00:35]} 22. Kg2 {[%emt 0:00:02]} Rfd8 {[%emt 0:00:17]} 23. Re2 {
[%emt 0:00:01]} c5 {[%emt 0:00:30]} 24. dxc5 {[%emt 0:00:20]} Bxc5 {[%emt 0:00:
01]} 25. Rae1 {[%emt 0:00:08]} Rac8 {[%emt 0:00:18]} 26. Bg5 {[%emt 0:00:34]}
Rd7 {[%emt 0:00:57]} 27. h4 {[%emt 0:02:58]} h6 {[%emt 0:00:02]} 28. Bc1 {
[%emt 0:00:05]} Rcd8 {[%emt 0:00:47]} 29. Qb5 {[%emt 0:01:58]} Qb6 {[%emt 0:02:
11]} 30. Qc4 {[%emt 0:01:11]} Rc7 {[%emt 0:00:18]} 31. Qg4 {[%emt 0:00:18]} Nf6
{[%emt 0:00:14]} 32. Qh3 {[%emt 0:00:05]} Qb3 {[%emt 0:00:28]} 33. g4 {[%emt 0:
00:14]} Nd5 {[%emt 0:03:40]} 34. g5 {[%emt 0:00:02]} Qxa4 {[%emt 0:00:09]} 35.
Re4 {[%emt 0:00:27]} Qc2 {[%emt 0:00:07]} 36. R4e2 {[%emt 0:01:33]} Qa4 {
[%emt 0:00:48]} 37. b4 {[%emt 0:02:18]} axb4 {[%emt 0:00:17]} 38. gxh6 {
[%emt 0:00:01]} g6 {[%emt 0:01:17]} 39. h5 {[%emt 0:00:49]} bxc3 {[%emt 0:00:
11]} 40. hxg6 {[%emt 0:00:09]} Nf4+ {[%emt 0:00:11]} 41. Bxf4 {[%emt 0:00:02]}
Qxf4 {[%emt 0:00:01]} 42. Re4 {[%emt 0:01:45]} Qd2 {[%emt 0:00:27]} 43. R1e2 {
[%emt 0:00:12]} Qd3 {[%emt 0:00:15]} 44. Qg3 {[%emt 0:00:53]} Re7 {[%emt 0:00:
07]} 45. h7+ {[%emt 0:00:19]} Kg7 {[%emt 0:00:11]} 46. gxf7+ {[%emt 0:00:02]}
Kxf7 {[%emt 0:00:07]} 47. Bh5+ {[%emt 0:00:03]} Kf6 {[%emt 0:00:02]} 48. Qg6# {
[%emt 0:00:03]} 1-0

[Event "European Rapid Championship 2021"]
[Site "Katowice"]
[Date "2021.12.19"]
[Round "8.24"]
[White "Froewis, Annika"]
[Black "Laurusas, Tomas"]
[Result "0-1"]
[WhiteElo "2079"]
[BlackElo "2553"]
[Annotator "ChessBase"]
[PlyCount "38"]
[EventDate "2021.12.18"]
[EventType "swiss"]
[EventCountry "POL"]
[SourceTitle "playchess.com"]
[Source "ChessBase"]
[SourceQuality "1"]
[TimeControl "900+10"]

1. e4 {[%emt 0:00:02]} c5 {[%emt 0:00:01]} 2. Nf3 {[%emt 0:00:01]} d6 {[%emt 0:
00:01]} 3. d4 {[%emt 0:00:01]} cxd4 {[%emt 0:00:02]} 4. Nxd4 {[%emt 0:00:02]}
Nf6 {[%emt 0:00:02]} 5. Nc3 {[%emt 0:00:01]} a6 {[%emt 0:00:03]} 6. h4 {
[%emt 0:00:13]} Nc6 {[%emt 0:01:07]} 7. a4 {[%emt 0:03:01]} e5 {[%emt 0:01:17]}
8. Nb3 {[%emt 0:00:17]} Be6 {[%emt 0:01:16]} 9. Bg5 {[%emt 0:01:48]} Be7 {
[%emt 0:00:02]} 10. g3 {[%emt 0:00:36]} Nb4 {[%emt 0:02:22]} 11. f4 {[%emt 0:
02:03]} exf4 {[%emt 0:00:56]} 12. gxf4 {[%emt 0:00:18]} h6 {[%emt 0:00:11]} 13.
Bxf6 {[%emt 0:00:46]} Bxf6 {[%emt 0:00:03]} 14. h5 {[%emt 0:00:51]} Qb6 {
[%emt 0:03:44]} 15. Be2 {[%emt 0:05:32]} Rc8 {[%emt 0:02:36]} 16. Qd2 {[%emt 0:
00:37]} O-O {[%emt 0:00:50]} 17. Ra3 {[%emt 0:00:37]} Rfe8 {[%emt 0:01:00]} 18.
a5 {[%emt 0:00:05]} Qc6 {[%emt 0:01:25]} 19. Nd4 {[%emt 0:00:36]} Bxd4 {
[%emt 0:00:02]} 0-1

[Event "European Rapid Championship 2021"]
[Site "Katowice"]
[Date "2021.12.19"]
[Round "8.25"]
[White "Flasinski, Michal"]
[Black "Redzisz, Michal"]
[Result "1/2-1/2"]
[WhiteElo "2195"]
[BlackElo "2257"]
[Annotator "NA"]
[PlyCount "77"]
[EventDate "2021.12.18"]
[EventType "swiss"]
[EventCountry "POL"]
[SourceTitle "playchess.com"]
[Source "ChessBase"]
[SourceQuality "1"]
[TimeControl "900+10"]

1. d4 {[%emt 0:00:01]} Nf6 {[%emt 0:00:01]} 2. Nf3 {[%emt 0:00:03]} g6 {
[%emt 0:00:06]} 3. c4 {[%emt 0:00:02]} Bg7 {[%emt 0:00:01]} 4. Nc3 {[%emt 0:00:
09]} d5 {[%emt 0:00:01]} 5. Bf4 {[%emt 0:00:30]} O-O {[%emt 0:00:20]} 6. Rc1 {
[%emt 0:00:02]} c6 {[%emt 0:01:11]} 7. e3 {[%emt 0:00:16]} a6 {[%emt 0:01:24]}
8. h3 {[%emt 0:00:41]} b5 {[%emt 0:00:41]} 9. cxd5 {[%emt 0:00:10]} cxd5 {
[%emt 0:00:03]} 10. Bd3 {[%emt 0:00:22]} Bb7 {[%emt 0:01:06]} 11. O-O {[%emt 0:
00:04]} Nc6 {[%emt 0:00:13]} 12. Qe2 {[%emt 0:00:34]} Rc8 {[%emt 0:00:17]} 13.
Nd2 {[%emt 0:01:14]} Nh5 {[%emt 0:01:30]} 14. Bg5 {[%emt 0:00:38]} Qd6 {
[%emt 0:01:03]} 15. Nb3 {[%emt 0:01:56]} e5 {[%emt 0:00:55]} 16. dxe5 {[%emt 0:
01:27]} Nxe5 {[%emt 0:00:14]} 17. Rfd1 {[%emt 0:00:16]} Nxd3 {[%emt 0:02:57]}
18. Rxd3 {[%emt 0:02:05]} b4 {[%emt 0:00:51]} 19. Nd1 {[%emt 0:02:36]} Rxc1 {
[%emt 0:00:09]} 20. Nxc1 {[%emt 0:00:02]} a5 {[%emt 0:01:52]} 21. Qf3 {[%emt 0:
01:12]} Qc7 {[%emt 0:00:50]} 22. Nb3 {[%emt 0:01:34]} d4 {[%emt 0:00:08]} 23.
Qg4 {[%emt 0:00:18]} f5 {[%emt 0:01:23]} 24. Qh4 {[%emt 0:00:56]} h6 {[%emt 0:
00:18]} 25. Bxh6 {[%emt 0:01:12]} Bxh6 {[%emt 0:00:34]} 26. Nxd4 {[%emt 0:00:
02]} Qc4 {[%emt 0:00:43]} 27. Rd2 {[%emt 0:00:16]} a4 {[%emt 0:00:23]} 28. Nxf5
{[%emt 0:00:17]} Qxh4 {[%emt 0:00:11]} 29. Nxh4 {[%emt 0:00:01]} g5 {[%emt 0:
00:16]} 30. Ng6 {[%emt 0:00:03]} Re8 {[%emt 0:00:11]} 31. Rd7 {[%emt 0:00:09]}
Be4 {[%emt 0:00:08]} 32. Ne7+ {[%emt 0:00:08]} Kf8 {[%emt 0:00:01]} 33. Nd5 {
[%emt 0:00:02]} Bxd5 {[%emt 0:00:19]} 34. Rxd5 {[%emt 0:00:02]} Nf6 {[%emt 0:
00:07]} 35. Rd4 {[%emt 0:00:09]} Rb8 {[%emt 0:00:16]} 36. Kf1 {[%emt 0:00:05]}
Bg7 {[%emt 0:00:01]} 37. a3 {[%emt 0:00:11]} bxa3 {[%emt 0:00:15]} 38. bxa3 {
[%emt 0:00:02]} Rb3 {[%emt 0:00:19]} 39. Rxa4 {[%emt 0:00:05]} 1/2-1/2

[Event "European Rapid Championship 2021"]
[Site "Katowice"]
[Date "2021.12.19"]
[Round "8.25"]
[White "Kukula, Pawel"]
[Black "Diermair, Andreas"]
[Result "1/2-1/2"]
[WhiteElo "2088"]
[BlackElo "2408"]
[Annotator "NA"]
[PlyCount "66"]
[EventDate "2021.12.18"]
[EventType "swiss"]
[EventCountry "POL"]
[SourceTitle "playchess.com"]
[Source "ChessBase"]
[SourceQuality "1"]
[TimeControl "900+10"]

1. d4 {[%emt 0:00:06]} e6 2. Nf3 {[%emt 0:00:07]} f5 {[%emt 0:00:03]} 3. Nc3 {
[%emt 0:00:03]} Nf6 {[%emt 0:00:08]} 4. Bg5 {[%emt 0:00:04]} Bb4 {[%emt 0:00:
41]} 5. Qd3 {[%emt 0:00:48]} h6 {[%emt 0:01:27]} 6. Bxf6 {[%emt 0:00:12]} Qxf6
{[%emt 0:00:02]} 7. O-O-O {[%emt 0:00:04]} O-O {[%emt 0:00:18]} 8. h3 {[%emt 0:
00:25]} b6 {[%emt 0:00:40]} 9. g4 {[%emt 0:01:31]} Ba6 {[%emt 0:00:40]} 10. Qd2
{[%emt 0:00:11]} c5 {[%emt 0:01:10]} 11. Rg1 {[%emt 0:02:03]} cxd4 {[%emt 0:03:
53]} 12. Nxd4 {[%emt 0:00:16]} f4 {[%emt 0:00:45]} 13. Bg2 {[%emt 0:00:38]} Nc6
{[%emt 0:00:01]} 14. Bxc6 {[%emt 0:02:58]} dxc6 {[%emt 0:00:02]} 15. Nxc6 {
[%emt 0:00:55]} Bxc3 {[%emt 0:00:29]} 16. Qxc3 {[%emt 0:00:01]} Qxc3 {[%emt 0:
00:41]} 17. bxc3 {[%emt 0:00:02]} Bxe2 {[%emt 0:00:08]} 18. Rd6 {[%emt 0:00:24]
} Bc4 {[%emt 0:02:10]} 19. Kb2 {[%emt 0:00:15]} Rfe8 {[%emt 0:01:02]} 20. g5 {
[%emt 0:01:18]} h5 {[%emt 0:00:04]} 21. Ne5 {[%emt 0:00:04]} Be2 {[%emt 0:00:
57]} 22. f3 {[%emt 0:02:22]} Rad8 {[%emt 0:00:27]} 23. Rxd8 {[%emt 0:00:02]}
Rxd8 {[%emt 0:00:01]} 24. Re1 {[%emt 0:00:01]} Ba6 {[%emt 0:01:40]} 25. Ng6 {
[%emt 0:00:02]} Bb7 {[%emt 0:00:25]} 26. Nxf4 {[%emt 0:00:11]} Bxf3 {[%emt 0:
00:02]} 27. Rxe6 {[%emt 0:00:23]} h4 {[%emt 0:00:49]} 28. g6 {[%emt 0:00:06]}
Rf8 {[%emt 0:00:11]} 29. Nd3 {[%emt 0:00:24]} Bg2 {[%emt 0:00:20]} 30. Re3 {
[%emt 0:00:42]} Rf6 {[%emt 0:00:21]} 31. Re8+ {[%emt 0:00:03]} Rf8 {[%emt 0:00:
02]} 32. Re3 {[%emt 0:00:11]} Rf6 {[%emt 0:00:01]} 33. Re8+ {[%emt 0:00:03]}
Rf8 1/2-1/2

[Event "European Rapid Championship 2021"]
[Site "Katowice"]
[Date "2021.12.19"]
[Round "8.26"]
[White "Przybylski, Wojciech"]
[Black "Piechocki, Franciszek"]
[Result "1-0"]
[WhiteElo "2321"]
[BlackElo "1936"]
[Annotator "NA"]
[PlyCount "68"]
[EventDate "2021.12.18"]
[EventType "swiss"]
[EventCountry "POL"]
[SourceTitle "playchess.com"]
[Source "ChessBase"]
[SourceQuality "1"]
[TimeControl "900+10"]

1. e4 {[%emt 0:00:02]} c5 {[%emt 0:00:01]} 2. Nf3 {[%emt 0:00:03]} d6 {[%emt 0:
00:02]} 3. Bb5+ {[%emt 0:00:03]} Bd7 {[%emt 0:00:06]} 4. Bxd7+ {[%emt 0:00:10]}
Qxd7 {[%emt 0:00:02]} 5. c4 {[%emt 0:00:02]} g6 {[%emt 0:00:27]} 6. O-O {
[%emt 0:00:06]} Bg7 {[%emt 0:00:03]} 7. d4 {[%emt 0:00:03]} cxd4 {[%emt 0:00:
05]} 8. Nxd4 {[%emt 0:00:03]} Nc6 {[%emt 0:00:07]} 9. Be3 {[%emt 0:01:31]} Nf6
{[%emt 0:00:09]} 10. f3 {[%emt 0:00:05]} O-O {[%emt 0:00:09]} 11. Nc3 {[%emt 0:
00:03]} Rac8 {[%emt 0:00:50]} 12. b3 {[%emt 0:00:15]} Nxd4 {[%emt 0:01:49]} 13.
Bxd4 {[%emt 0:00:02]} b6 {[%emt 0:00:16]} 14. Qd2 {[%emt 0:00:36]} Qc6 {
[%emt 0:01:22]} 15. Rac1 {[%emt 0:00:30]} Rfd8 {[%emt 0:02:20]} 16. Rfd1 {
[%emt 0:01:08]} Ne8 {[%emt 0:02:09]} 17. Nd5 {[%emt 0:04:07]} Bxd4+ {[%emt 0:
01:44]} 18. Qxd4 {[%emt 0:00:02]} Rd7 {[%emt 0:00:13]} 19. Ne3 {[%emt 0:01:00]}
Qc5 {[%emt 0:00:34]} 20. Qc3 {[%emt 0:01:08]} Nf6 {[%emt 0:00:53]} 21. b4 {
[%emt 0:00:12]} Qe5 {[%emt 0:01:20]} 22. Qd3 {[%emt 0:02:18]} e6 {[%emt 0:01:
31]} 23. Qd4 {[%emt 0:02:24]} Qxd4 {[%emt 0:00:42]} 24. Rxd4 {[%emt 0:00:01]}
Kf8 {[%emt 0:00:29]} 25. Rcd1 {[%emt 0:00:11]} Ke7 {[%emt 0:00:13]} 26. g4 {
[%emt 0:00:42]} g5 {[%emt 0:00:43]} 27. Kf2 {[%emt 0:00:01]} a5 {[%emt 0:00:26]
} 28. bxa5 {[%emt 0:00:15]} Ra8 {[%emt 0:00:28]} 29. axb6 {[%emt 0:01:35]}
Rxa2+ {[%emt 0:00:01]} 30. R4d2 {[%emt 0:00:01]} Rxd2+ {[%emt 0:00:01]} 31.
Rxd2 {[%emt 0:00:00]} Rb7 {[%emt 0:00:01]} 32. e5 {[%emt 0:00:25]} Nd7 {
[%emt 0:00:55]} 33. exd6+ {[%emt 0:00:04]} Ke8 {[%emt 0:00:01]} 34. Rb2 {
[%emt 0:01:20]} Rxb6 1-0

[Event "European Rapid Championship 2021"]
[Site "Katowice"]
[Date "2021.12.19"]
[Round "8.26"]
[White "Brzezinski, Mateusz"]
[Black "Kjartansson, Gudmundur"]
[Result "1/2-1/2"]
[WhiteElo "2187"]
[BlackElo "2402"]
[Annotator "NA"]
[PlyCount "133"]
[EventDate "2021.12.18"]
[EventType "swiss"]
[EventCountry "POL"]
[SourceTitle "playchess.com"]
[Source "ChessBase"]
[SourceQuality "1"]
[TimeControl "900+10"]

1. d4 d5 {[%emt 0:00:10]} 2. Bf4 {[%emt 0:00:14]} c5 {[%emt 0:00:26]} 3. e3 {
[%emt 0:00:05]} Nc6 {[%emt 0:00:05]} 4. c3 {[%emt 0:00:34]} Bf5 {[%emt 0:00:31]
} 5. Nd2 {[%emt 0:00:11]} e6 {[%emt 0:00:06]} 6. Ngf3 {[%emt 0:00:15]} cxd4 {
[%emt 0:00:17]} 7. exd4 {[%emt 0:00:10]} Bd6 {[%emt 0:00:03]} 8. Bg3 {[%emt 0:
00:04]} h6 {[%emt 0:00:42]} 9. Bb5 {[%emt 0:01:06]} Nge7 {[%emt 0:00:21]} 10.
Qe2 {[%emt 0:00:12]} O-O {[%emt 0:00:07]} 11. O-O {[%emt 0:00:06]} a6 {[%emt 0:
00:48]} 12. Bd3 {[%emt 0:00:06]} Bxg3 {[%emt 0:00:31]} 13. hxg3 {[%emt 0:00:13]
} b5 {[%emt 0:00:06]} 14. b4 {[%emt 0:00:22]} Bxd3 {[%emt 0:00:17]} 15. Qxd3 {
[%emt 0:00:01]} Nf5 {[%emt 0:00:01]} 16. a4 {[%emt 0:00:14]} Nd6 {[%emt 0:00:
14]} 17. Nb3 {[%emt 0:00:24]} bxa4 {[%emt 0:00:50]} 18. Rxa4 {[%emt 0:00:06]}
a5 {[%emt 0:00:05]} 19. Rfa1 {[%emt 0:00:36]} Nc4 {[%emt 0:00:04]} 20. R4a2 {
[%emt 0:01:44]} Qb6 {[%emt 0:04:44]} 21. Nfd2 {[%emt 0:00:32]} Rfc8 {[%emt 0:
01:54]} 22. Nc5 {[%emt 0:00:33]} Nxd2 {[%emt 0:00:35]} 23. Qxd2 {[%emt 0:00:02]
} Ra7 24. Qb2 {[%emt 0:02:08]} axb4 {[%emt 0:00:22]} 25. Rxa7 {[%emt 0:00:08]}
Nxa7 {[%emt 0:00:03]} 26. Ra6 {[%emt 0:02:42]} Qb8 {[%emt 0:00:02]} 27. cxb4 {
[%emt 0:00:31]} Nc6 {[%emt 0:02:03]} 28. b5 {[%emt 0:02:27]} Nxd4 {[%emt 0:00:
08]} 29. b6 {[%emt 0:00:04]} Rxc5 {[%emt 0:00:54]} 30. b7 {[%emt 0:00:02]} Kh7
{[%emt 0:02:54]} 31. Ra8 {[%emt 0:01:07]} Qe5 {[%emt 0:00:28]} 32. Qb1+ {
[%emt 0:01:40]} g6 {[%emt 0:00:15]} 33. b8=Q {[%emt 0:00:04]} Rc1+ {[%emt 0:00:
07]} 34. Qxc1 {[%emt 0:00:03]} Qxb8 {[%emt 0:00:12]} 35. Qxh6+ {[%emt 0:01:01]}
Kxh6 {[%emt 0:00:03]} 36. Rxb8 {[%emt 0:00:01]} Kg5 {[%emt 0:00:05]} 37. f3 {
[%emt 0:00:07]} Kf6 {[%emt 0:00:10]} 38. Rb7 {[%emt 0:00:03]} Nf5 {[%emt 0:00:
03]} 39. Kf2 {[%emt 0:00:04]} Nd6 {[%emt 0:00:01]} 40. Ra7 {[%emt 0:00:02]} Nc4
{[%emt 0:00:05]} 41. g4 {[%emt 0:00:08]} Ne5 {[%emt 0:00:09]} 42. Kg3 {[%emt 0:
00:54]} g5 {[%emt 0:00:01]} 43. Kf2 {[%emt 0:00:02]} Ng6 {[%emt 0:00:21]} 44.
Ra8 {[%emt 0:00:05]} Nf4 {[%emt 0:00:05]} 45. g3 {[%emt 0:00:08]} Nd3+ {
[%emt 0:00:04]} 46. Ke3 {[%emt 0:00:02]} Ne5 {[%emt 0:00:01]} 47. Rg8 {[%emt 0:
00:05]} Nc4+ {[%emt 0:00:58]} 48. Kd4 {[%emt 0:00:06]} Ne5 {[%emt 0:00:17]} 49.
Ke3 {[%emt 0:00:52]} Nc4+ {[%emt 0:00:01]} 50. Ke2 {[%emt 0:00:01]} Nd6 {
[%emt 0:00:14]} 51. f4 {[%emt 0:00:21]} Ne4 {[%emt 0:00:01]} 52. Kf3 {[%emt 0:
00:04]} Nd2+ {[%emt 0:00:02]} 53. Ke3 {[%emt 0:00:06]} Ne4 {[%emt 0:00:03]} 54.
Kf3 {[%emt 0:00:32]} Nd2+ {[%emt 0:00:01]} 55. Kg2 {[%emt 0:00:03]} Ne4 {
[%emt 0:00:03]} 56. Ra8 {[%emt 0:00:17]} Kg6 {[%emt 0:00:11]} 57. Ra2 {[%emt 0:
00:03]} Kf6 {[%emt 0:00:25]} 58. Kf3 {[%emt 0:00:25]} Nc3 {[%emt 0:00:02]} 59.
Rh2 {[%emt 0:00:12]} Ne4 {[%emt 0:00:05]} 60. Re2 {[%emt 0:00:17]} Nc3 {
[%emt 0:00:03]} 61. Rd2 {[%emt 0:00:18]} Ne4 {[%emt 0:00:05]} 62. Rc2 {[%emt 0:
00:01]} Nd6 {[%emt 0:00:06]} 63. Rg2 {[%emt 0:00:06]} Ne4 {[%emt 0:00:02]} 64.
Ke3 {[%emt 0:00:01]} Nd6 {[%emt 0:00:10]} 65. Rh2 {[%emt 0:00:06]} Ne4 {
[%emt 0:00:01]} 66. Rh3 {[%emt 0:00:02]} Kg6 {[%emt 0:00:13]} 67. Kf3 {[%emt 0:
00:25]} 1/2-1/2